Sports Quiz

Random Sports or Football Quiz

Portugal National Football Team 2015 Quiz Stats

 Plays Quiz not verified by Sporcle

Challenge
Share
Tweet
Embed
Score 0/50 Timer 15:00
0 Plays Today
Name % Correct
Cristiano Ronaldo
95%
Rui Patricio
90%
Nani
87.5%
Eder
85%
Eduardo
82.5%
Joao Moutinho
80%
Pepe
77.5%
William Carvalho
77.5%
Ricardo Carvalho
72.5%
Bruno Alves
72.5%
Ricardo Quaresma
72.5%
Ricardo Barbosa Pereira
65%
Anthony Lopes
62.5%
Fabio Coentrao
62.5%
Danilo Pereira
62.5%
Joao Mario
62.5%
Cedric Soares
60%
Raphael Guerreiro
60%
Adrien Silva
60%
Hugo Almeida
60%
Jose Fonte
57.5%
Andre Gomes
55%
Bernardo Silva
55%
Miguel Veloso
55%
Andre Andre
55%
Name % Correct
Beto
52.5%
Eliseu
52.5%
Andre Almeida
52.5%
Tiago
50%
Vieirinha
50%
Jose Bosingwa
45%
Rafa Silva
45%
Silvestre Varela
45%
Marafona
40%
Luis Neto
37.5%
Danny
37.5%
Rui Fonte
32.5%
Paulo Oliveira
30%
Pizzi
30%
Nelson Semedo
27.5%
Ruben Neves
27.5%
Gonçalo Guedes
27.5%
Vitorino Antunes
22.5%
Andre Pinto
20%
Lucas Joao
20%
Tiago Pinto
15%
Daniel Carriço
15%
Ivan Cavaleiro
12.5%
Ukra
7.5%
Hugo Ventura
2.5%

You're not logged in!

Compare scores with friends on all Sporcle quizzes.
OR
Log In

You Might Also Like...

Show Comments

Extras

Top Quizzes Today


Score Distribution

Your Account Isn't Verified!

In order to create a playlist on Sporcle, you need to verify the email address you used during registration. Go to your Sporcle Settings to finish the process.

Report this User

Report this user for behavior that violates our Community Guidelines.

Details: